Đường vào hiện sinh = Commentaries on Living /

Đã lưu trong:
Sonraí Bibleagrafaíochta
Formáid: Sách giấy
Teanga:Vietnamese
Foilsithe: Sàigòn : An Tiêm , 1969
Clibeanna: Cuir Clib Leis
Gan Chlibeanna, Bí ar an gcéad duine leis an taifead seo a chlibeáil!
Thư viện lưu trữ: Thư viện Trường Đại học Đà Lạt
LEADER 00579nam a2200241 4500
001 DLU020012294
005 ##5/24/2000
020 # # |a 978- 
041 # # |a vie 
082 # # |a 181.4  |b KR-J 
090 # # |a 181.4  |b KR-J 
245 # # |a Đường vào hiện sinh =  |b Commentaries on Living /  |c Trúc Thiên, Krishnamurti J. 
260 # # |a Sàigòn :  |b An Tiêm ,  |c 1969 
300 # # |a 580 tr.;   |c 19 cm. 
992 # # |a 48000 
994 # # |a DLU 
900 # # |a False 
911 # # |a Administrator 
925 # # |a G 
926 # # |a A 
927 # # |a SH 
980 # # |a Thư viện Trường Đại học Đà Lạt